000 00544nam a2200205Ia 4500
005 20250508150207.0
008 008 250505s9999 xx 000 0 eng d
037 _aTextual
040 _aFEDL
_beng
_cFEDL
041 _aeng
_2eng
084 _a109, ROG
_qFEDL
100 _aRogers Arthur Kenyon
245 0 _aStudent's history of philosophy
250 _a3rd
260 _aNew York, USA
_bMacmillan Company
_c1932
300 _axiii,487p.
650 _aPhilosophy
942 _cTEXL
_h109, ROG
999 _c1322306
_d1322306